The role of programming in teachning informatics : Proceedings of the IFIPTC 3 working conference on teaching programming. Paris, 7.- 9. May 1987 /

Enregistré dans:
Détails bibliographiques
Autres auteurs: Griffiths, M. (Compilateur), Tagg, E.D (Compilateur)
Format: Livre
Langue:anglais
Publié: Amsterdam : North-Holland, 1985
Édition:1.vyd.
Tags: Ajouter un tag
Pas de tags, Soyez le premier à ajouter un tag!

MARC

LEADER 00000nam a22000003a 4500
001 stu87842
005 20150617225631.3
008 040614s1985----ne------------------eng-d
040 |a STU  |b slo 
041 0 |a eng 
044 |a ne 
080 |a 519.68 
080 |a 571.315 
080 |a 061.3(08) 
100 1 |a Griffiths, M.  |4 com 
245 1 |a The role of programming in teachning informatics :  |b Proceedings of the IFIPTC 3 working conference on teaching programming. Paris, 7.- 9. May 1987 /  |c Ed.: Griffiths, M., Tagg, E.D. 
250 |a 1.vyd. 
260 |a Amsterdam :  |b North-Holland,  |c 1985 
300 |a 10, 212 s 
700 1 |a Tagg, E.D.  |4 com 
996 |b I3173  |c I*3173  |l II680  |s A  |a 24  |w stu87842_0001